000 00269nam a2200121Ia 4500
008 221030s9999 xx 000 0 und d
041 _aEnglish
100 _aS. M. John
245 0 _aEmerging Entrepreneurs
_cby S. M. John
260 _c0
650 _aMb
942 _cBK
999 _c14582
_d14582